书目信息 |
| 题名: |
车辆-无碴轨道-桥梁系统振动特性及其应用
|
|
| 作者: | 李广慧 , 刘伟 , 王中平 著 | |
| 分册: | ||
| 出版信息: | 郑州 黄河水利出版社 2007.09 |
|
| 页数: | 240页 | |
| 开本: | 26cm | |
| 丛书名: | ||
| 单 册: | ||
| 中图分类: | U213.2 | |
| 科图分类: | ||
| 主题词: | 无碴轨道--wu cha gui dao--结构--研究 | |
| 电子资源: | ||
| ISBN: | 978-7-80734-270-0 | |
| 000 | 01030nam0 2200277 450 | |
| 001 | 012008092916 | |
| 005 | 20080421095150.75 | |
| 010 | @a978-7-80734-270-0@dCNY35.00 | |
| 100 | @a20080419d2007 em y0chiy0120 ea | |
| 101 | 0 | @achi |
| 102 | @aCN@b410000 | |
| 105 | @aak a 000yy | |
| 106 | @ar | |
| 200 | 1 | @a车辆-无碴轨道-桥梁系统振动特性及其应用@Ache liang-wu cha gui dao-qiao liang xi tong zhen dong te xing ji qi ying yong@f李广慧 ... [等] 著@Fli guang hui...[deng]zhu |
| 210 | @a郑州@c黄河水利出版社@d2007.09 | |
| 215 | @a240页@c图@d26cm | |
| 304 | @a题名页题: 李广慧, 刘伟, 王中平, 杨广军著 | |
| 320 | @a有书目 (第234-240页) | |
| 330 | @a本书着重探讨了无碴轨道结构对整个动力耦合系统(车辆、钢轨、无碴轨道和桥梁等系统)的影响规律及其在工程中的应用。 | |
| 606 | 0 | @a无碴轨道@Awu cha gui dao@x结构@x研究 |
| 690 | @aU213.2@v4 | |
| 701 | 0 | @a李广慧@Ali guang hui@4著 |
| 701 | 0 | @a刘伟@Aliu wei@4著 |
| 701 | 0 | @a王中平@Awang zhong ping@4著 |
| 801 | 0 | @aCN@bQSSK@c20080421 |
| 905 | @b293892-93@dU213.2@eL162@f2 | |
| 车辆-无碴轨道-桥梁系统振动特性及其应用/李广慧 ... [等] 著.-郑州:黄河水利出版社,2007.09 |
| 240页:图;26cm |
| ISBN 978-7-80734-270-0:CNY35.00 |
| 本书着重探讨了无碴轨道结构对整个动力耦合系统(车辆、钢轨、无碴轨道和桥梁等系统)的影响规律及其在工程中的应用。 |
| ● |
| 相关链接 |
|
|
|
正题名:车辆-无碴轨道-桥梁系统振动特性及其应用
索取号:U213.2/L162
 
预约/预借
| 序号 | 登录号 | 条形码 | 馆藏地/架位号 | 状态 | 备注 |
| 1 | 293892 | 202938928 | 自科库501/501自科库 49排4列3层/ [索取号:U213.2/L162] | 在馆 | |
| 2 | 293893 | 202938937 | 自科库501/501自科库 49排4列3层/ [索取号:U213.2/L162] | 在馆 |